Score 0/20 Timer 03:00
5 Plays Today
Mixed Word Animal % Correct
SOOEGGoose
95.8%
SEEPHSheep
95.3%
LEHAWWhale
95.1%
ALLAMLlama
94.5%
APDNAPanda
94.2%
ITGRETiger
93.9%
EABZRZebra
93.8%
ERHSOHorse
92%
SOTHLSloth
91.2%
EEALGEagle
90.9%
Mixed Word Animal % Correct
HKRSAShark
89.5%
OMSEUMouse
86.7%
UOTRTTrout
86.7%
AAKLOKoala
86.5%
SEANKSnake
83.8%
ROBACCobra
83.1%
TEOTROtter
81.4%
NSALISnail
78.4%
INSOBBison
76%
RSKOTStork
65.8%
Remove Ads.
Support Sporcle.
Get the best of Sporcle when you Go Orange. This ad-free experience offers more features, more stats, and more fun while also helping to support Sporcle. Thank you for becoming a member.

You're not logged in!

Compare scores with friends on all Sporcle quizzes.
OR
Log In

Show Comments

Extras

Top Quizzes Today


Score Distribution

Your Account Isn't Verified!

In order to create a playlist on Sporcle, you need to verify the email address you used during registration. Go to your Sporcle Settings to finish the process.

Report this User

Report this user for behavior that violates our Community Guidelines.

Details: